Países más cercanos a Santa Lucía - Estadísticas

Estadísticas generales
  • Esta prueba ha sido intentada 54 veces
  • La puntuación promedio es 16 de 20
Estadísticas de respuestas
km país % Correcto
1554 Cuba
98%
42 San Vicente y las Granadinas
96%
129 Dominica
91%
141 Granada
91%
585 Guyana
91%
1676 Jamaica
91%
267 Trinidad y Tobago
91%
673 Venezuela
91%
333 Antigua y Barbuda
89%
145 Barbados
89%
1105 Colombia
89%
930 República Dominicana
89%
375 San Cristóbal y Nieves
89%
961 Surinam
89%
942 Haití
87%
1503 Bahamas
80%
942 Brasil
80%
965 Aruba
39%
854 Curazao
30%
488 Sint Maarten
11%
No se encontraron pruebas coincidentes
Distribución de puntuación
Porcentaje de gente con cada puntuación
Porcentaje por número respondido
Historial de tus puntuaciones
No has intentado esta prueba.